TV Foursomes by Picture Quiz Stats

 Plays Quiz Updated Sep 5, 2013

     
Support Sporcle.
Go Orange.
Score 0/40 Timer 07:00
3 Plays Today
% Correct
Fred Flintstone
96.8%
Fred Mertz
96.8%
Jerry Seinfeld
92.9%
Barney Rubble
91.6%
Wilma Flintstone
91.1%
Lucy Ricardo
89.3%
Betty Rubble
85.7%
Cosmo Kramer
83.8%
George Costanza
81.2%
Kenny McCormick
81%
Elaine Benes
80.6%
Will Truman
77.3%
Grace Adler
76.9%
Ricky Ricardo
75.7%
Carrie Bradshaw
73.3%
Eric Cartman
72.9%
Samantha Jones
65.2%
Ethel Mertz
63.2%
Stan Marsh
60.4%
Dawson Leery
60.4%
% Correct
Kyle Broflovski
54.3%
Miranda Hobbes
52.2%
Rose Nylund
51.7%
Blanche Deveraux
50.9%
Jack McFarland
49.9%
Charlotte York
48%
Dorothy Zbornak
38.9%
Karen Walker
37.8%
Pacey Witter
36.5%
Joey Potter
36%
Ralph Kramden
34.5%
Alice Kramden
32.6%
Sophia Petrillo
32.2%
Piper Halliwell
28.6%
Ed Norton
28.3%
Prue Halliwell
25.2%
Phoebe Halliwell
24.4%
Paige Matthews
18.4%
Jen Lindley
18.1%
Trixie Norton
17.5%

From the Vault

Landmark Cakes

by El_Dandy

Now instead of visiting the wonders of the world, you can just eat them.
Remove Ads.
Support Sporcle.
Get the best of Sporcle when you Go Orange. This ad-free experience offers more features, more stats, and more fun while also helping to support Sporcle. Thank you for becoming a member.

Show Comments

Extras

Top Quizzes Today


Score Distribution

Your Account Isn't Verified!

In order to create a playlist on Sporcle, you need to verify the email address you used during registration. Go to your Sporcle Settings to finish the process.

Report this User

Report this user for behavior that violates our Community Guidelines.

Details: